صحا بہ رضی اللہ عنہ کے سوالات آنحضرت صلی اللہ علیہ و آلہ وسلم کے جوابات (Record no. 553823)
[ view plain ]
| 000 -LEADER | |
|---|---|
| fixed length control field | 00431nam a22001217a 4500 |
| 082 ## - DEWEY DECIMAL CLASSIFICATION NUMBER | |
| Classification number | 297.1229 |
| Author Mark | MAH |
| -- | M |
| 100 ## - MAIN ENTRY--PERSONAL NAME | |
| Personal name | Mahmood, Mulana Sana Ullah |
| 9 (RLIN) | 51076 |
| 245 ## - TITLE STATEMENT | |
| Title | صحا بہ رضی اللہ عنہ کے سوالات آنحضرت صلی اللہ علیہ و آلہ وسلم کے جوابات |
| 260 ## - PUBLICATION, DISTRIBUTION, ETC. | |
| Place of publication, distribution, etc. | Karachi, |
| Name of publisher, distributor, etc. | Dara Ul Ishat, |
| Date of publication, distribution, etc. | 2001. |
| 300 ## - PHYSICAL DESCRIPTION | |
| Extent | 301p. |
| 526 ## - STUDY PROGRAM INFORMATION NOTE | |
| Program name | 0 |
| Interest level | 0 |
| Reading level | 0 |
| Title point value | 297_122900000000000_MAH |
| 942 ## - ADDED ENTRY ELEMENTS (KOHA) | |
| Source of classification or shelving scheme | |
| Koha item type | Book |
| Withdrawn status | Lost status | Source of classification or shelving scheme | Damaged status | Not for loan | Permanent Location | Current Location | Date acquired | Total Checkouts | Full call number | Barcode | Date last seen | Price effective from | Koha item type |
|---|---|---|---|---|---|---|---|---|---|---|---|---|---|
| Military College of Engineering (MCE) | Military College of Engineering (MCE) | 04/17/2017 | 297.1229 MAH | MCE-58 M | 04/17/2017 | 04/17/2017 | Book |
